Бор Нильс. Жизнь и творчество: сборник статей; пер. с дат.

Bibliografiske detaljer
Institution som forfatter: Академия наук СССР (АН СССР)
Andre forfattere: Франкфурт У. И. (составитель)
Sprog:russisk
Udgivet: Москва, Наука, 1967
Fag:
Format: MixedMaterials Bog
KOHA link:https://koha.lib.tpu.ru/cgi-bin/koha/opac-detail.pl?biblionumber=151534

MARC

LEADER 00000nam0a2200000 4500
001 151534
005 20231101221552.0
035 |a (RuTPU)RU\TPU\book\164301 
090 |a 151534 
100 |a 20090123d1967 km y0rusy50 ca 
101 1 |a rus  |c dan 
102 |a RU 
105 |a a z 001zy 
200 1 |a Бор Нильс. Жизнь и творчество  |e сборник статей  |e пер. с дат.  |f Академия наук СССР (АН СССР) ; сост. и коммент. У. И. Франкфурт 
210 |a Москва  |c Наука  |d 1967 
215 |a 344 с.  |c ил. 
320 |a Указ. имен: с. 339-342. 
600 1 |a Бор  |g Нильс Хедрик Давид  |b Н. Х. Д.  |c датский физик  |f 1885-1962  |2 stltpush  |3 (RuTPU)RU\TPU\pers\950 
606 1 |a Физики  |x Персоналии  |2 stltpush  |3 (RuTPU)RU\TPU\subj\67452  |9 83245 
610 1 |a зарубежные страны 
610 1 |a физическая наука 
610 1 |a атомная физика 
610 1 |a статьи 
610 1 |a сборники 
675 |a 53(092)  |v 3 
702 1 |a Франкфурт  |b У. И.  |4 220 
712 0 2 |a Академия наук СССР (АН СССР)  |2 stltpush  |3 (RuTPU)RU\TPU\col\722 
801 1 |a RU  |b 63413507  |c 20090123  |g PSBO 
801 2 |a RU  |b 63413507  |c 20140314  |g PSBO 
942 |c BK